| 000 | 00441nam a22001457a 4500 | ||
|---|---|---|---|
| 020 | _qHard Cover. | ||
| 040 | _cNUST. | ||
| 082 | _a570.2-MAS | ||
| 100 |
_aMehar Masood. _989164 |
||
| 245 |
_aInvestigating Isoform Switching in RHBDF2 for its Role in human Neoplastic Growth in Breast / _cMasood, Mehar |
||
| 260 |
_aIslamabad: _bRCMS-NUST, _c2022. |
||
| 300 |
_a113 p. : _bill. ; _c35cm. |
||
| 650 | _2MS-Bioinformatics. | ||
| 942 |
_2ddc _cTHE |
||
| 999 |
_c587984 _d587984 |
||